000 00491 a2200181 4500
003 OSt
005 20180116182827.0
008 160822b xxu||||| |||| 00| 0 eng d
020 _a0
040 _c0
082 _a025.04 BAS 1998
100 _aReva Basch
245 _aResearching Online for Dummies
_cReva Basch
260 _aIDG Books Worldwide,Inc
_bFoster City,CA
_c1998
300 _a334 p.
_bPB
440 _aResearching Online for Dummies
942 _aNBS
_cBK
_k025.04 BAS 1998
_2ddc
999 _c346730
_d346730